Memoria sobre la limpia de la bahía de Cádiz y con más especialidad del caño del arsenal / (Record no. 151884)

MARC details
000 -LEADER
campo de control de longitud fija 00954nam a2200205 i 4500
001 - NÚMERO DE CONTROL
campo de control 151884
003 - IDENTIFICADOR DE NÚMERO DE CONTROL
campo de control ES-MaACL
005 - FECHA Y HORA DE LA ÚLTIMA TRANSACCIÓN
campo de control 20230906204429.0
008 - DATOS DE LONGITUD FIJA--INFORMACIÓN GENERAL
campo de control de longitud fija 931025s1885 sp |||| | spa d
100 0# - ENTRADA PRINCIPAL--NOMBRE DE PERSONA
Nombre de persona Benot, Eduardo.
9 (RLIN) 27763
245 10 - MENCIÓN DEL TÍTULO
Título Memoria sobre la limpia de la bahía de Cádiz y con más especialidad del caño del arsenal /
Mención de responsabilidad, etc. por Eduardo Benot.
260 ## - PUBLICACIÓN, DISTRIBUCIÓN, ETC.
Lugar de publicación, distribución, etc. Cádiz :
Nombre del editor, distribuidor, etc. [s.n.],
Fecha de publicación, distribución, etc. 1885 (
Fabricante Imp. de Federico Joly)
300 ## - DESCRIPCIÓN FÍSICA
Extensión 226 p. ;
Dimensiones 21 cm.
530 ## - NOTA DISPONIBLE DE FORMULARIO FÍSICO ADICIONAL
Nota de formato físico adicional disponible Disponible en formato digital.
650 #4 - PUNTO DE ACCESO ADICIONAL DE MATERIA--TÉRMINO DE MATERIA
Término de materia o nombre geográfico como elemento de entrada Sedimentación-
Subdivisión geográfica Cádiz (España, Bahía)
9 (RLIN) 157077
650 #4 - PUNTO DE ACCESO ADICIONAL DE MATERIA--TÉRMINO DE MATERIA
Término de materia o nombre geográfico como elemento de entrada Salinas-
Subdivisión geográfica Cádiz (España, Bahía)
9 (RLIN) 157078
650 ## - PUNTO DE ACCESO ADICIONAL DE MATERIA--TÉRMINO DE MATERIA
Término de materia o nombre geográfico como elemento de entrada Obras hidráulicas-
Subdivisión geográfica Cádiz (España, Bahía)
9 (RLIN) 157079
852 ## - LOCALIZACIÓN
Ubicación ES-MaACL
Número de control de estantería T-848-F-2
Nota libre -- Enc. hol., conservando la cub. original
-- -- Enc. en un vol. facticio
-- .- Ded. ms. del autor a Carlos Fernández Shaw
856 ## - LOCALIZACIÓN Y ACCESO ELECTRÓNICOS
Identificador Uniforme de Recursos <a href="http://bdh-rd.bne.es/viewer.vm?id=0000108661&page=1 ">http://bdh-rd.bne.es/viewer.vm?id=0000108661&page=1 </a>
Nota pública Biblioteca Digital Hispánica
Holdings
Estatus retirado Estado de pérdida Estado de daño No para préstamo Colección Biblioteca de origen Biblioteca actual Ubicación en estantería Fecha de adquisición Total de préstamos Signatura topográfica completa Código de barras Visto por última vez Precio de reemplazo Tipo de ítem Koha
        Colección de folletos Biblioteca del Ateneo de Madrid Biblioteca del Ateneo de Madrid Depósito folletos 17/01/2008   T-848-F-2 1158530 23/02/2023 23/02/2023 Folleto